000 06324namaa22004331i 4500
003 EG-GICUC
005 20260420142205.0
008 260420s2025 ua a|||frm||| 000 0 eng d
040 _aEG-GICUC
_beng
_cEG-GICUC
_dEG-GICUC
_erda
041 0 _aeng
_beng
_bara
049 _aDeposit
082 0 4 _a617.632
092 _a617.632
_221
097 _aM.Sc
099 _aCai01.09.08.M.Sc.2025.Mo.C
100 0 _aMohammed Saleh Saleh Saleh,
_epreparation.
245 1 4 _aThe clinical usage of a free gingival graft combined with frenotomy in patients with high frenal attachment :
_ba clinical case series /
_cby Mohammed Saleh Saleh Saleh ; Supervision Prof. Dr. Manal Hosny, Dr. Nada Zazou.
246 1 5 _aالاستخدام السريري للطعم اللثوي الحر مدموجا˝ مع استئصال اللجام في المرضى الذين يعانون من التعلق اللجامي المرتفع :
_bسلسلة حالات سريرية
264 0 _c2025.
300 _a123 pages :
_billustrations ;
_c25 cm. +
_eCD.
336 _atext
_2rda content
337 _aUnmediated
_2rdamedia
338 _avolume
_2rdacarrier
502 _aThesis (M.Sc)-Cairo University, 2025.
504 _aBibliography: pages 107-121.
520 3 _aAim: The aim of the present study was to evaluate treatment of aberrant frenum attachment using frenotomy combined with free gingival graft (FGG) with respect to the gain in the width of keratinized gingiva, relapse, mucosal healing and postoperative pain as well as scar formation. Methodology: Twelve patients with aberrant mandibular frenum attachment underwent frenotomy combined with free gingival grafting at the Faculty of Dentistry, Cairo University, and October University for Modern Sciences and Arts. Frenotomy was performed using split- thickness incisions on both sides of the frenum, followed by apical relocation of the muscle through blunt dissection. A palatal free gingival graft was then harvested and secured to the recipient site with resorbable sutures. Results: Keratinized tissue increased from 2.08 mm to 8.83 mm at 3 months (p<0.001). Pain scores dropped from 5.83 on Day 1 to 0.33 on Day 7 (p<0.001). IPR index showed successful healing with scores of 5.33 (inflammatory), 4.00 (proliferative), and 2.17 (remodelling), with a total of 11.5 ± 0.45 indicating excellent healing in 83.3% of cases (p=0.021). Mean scar index at 3 months was 4.17 ± 0.94, reflecting mild to moderate scarring. Conclusion: This combined approach is an effective, safe, and predictable modality for treating aberrant labial frenum attachments in adults, particularly where long-term periodontal health and soft tissue augmentation are the primary goals.
520 3 _aيُعد اللجام الشفوي غير الطبيعي، خصوصا˝ في المنطقة الأمامية للفك السفلي، من المشاكل الشائعة في اللثة والأنسجة الفموية، حيث يؤدي إلى قلة عمق الدهليز الفموي وصعوبة في تنظيف الاسنان ، كما قد يسبب انحسار اللثة ويساهم في عودة الفرجة بين القواطع الوسطى بعد إغلاقها تقويميا.˝ لذلك يُعتبر التدخل الجراحي ضروريا˝ للحفاظ على صحة اللثة والأنسجة الداعمة. وقد وُجدت عدة طرق جراحية لعلاج هذه المشكلة مثل استئصال اللجام، قطع اللجام، وكذلك تقنيات أخرى, إلا أن هذه الطرق قد تُسبب عودة الارتباط أو نقصا˝ في كمية اللثة المتقرنة أو ظهور ندبات. ويُعد الجمع بين قطع اللجام وزراعة طُعم لثوي حر من أكثر الطرق نجاحا˝، حيث يحقق تصحيحا˝ وظيفيا˝ مع زيادة عرض اللثة المتقرنة مما يضمن استقرار النتائج على المدى الطويل. شملت هذه الدراسة السريرية اثني عشر مريضا˝ بالغا˝ لديهم لجام شفوي سفلي غير طبيعي. أُجري قطع اللجام باستخدام شقوق نصف سمكية مع إعادة توجيه الألياف بعيدا˝ إلى الأسفل، ثم زُرع طُعم لثوي مأخوذ من الحنك وثُبّت في مكانه بخيوط قابلة للامتصاص . جرى تقييم المرضى من حيث التغير في عرض اللثة المتقرنة، وشدة الألم بعد العملية، وسرعة الالتئام، وظهور الندبات بعد ثلاثة أشهر. أظهرت النتائج زيادة ملحوظة في عرض اللثة المتقرنة من ٢.٠٨ ملم قبل الجراحة إلى ٨.٨٣ ملم بعد ثلاثة أشهر، مع انخفاض واضع في الألم من ٥.٨٣ في اليوم الأول إلى ٠.٣٣ في اليوم السابع. كما أظهر معظم المرضعى التئاما˝ ممتازا˝ بنسبة ٨٣.٣٪، بينما كانت الندبات خفيفة إلى متوسطة بمتوسط ٤.١٧ بعد ثلاثة أشهر، دون تأثير جمالي أو وظيفي يُذكر. وبنا˝ء على ذلك، يمكن القول إن الجمع بين قطع اللجعام والطُعم اللثوي الحر يُعد أسلوبا˝ آمنا˝ وفعالا˝ يمكن التنبؤ بنتائجه، حيث يُزيل الشد غير المرغوب فيه ويُوفر شريطا˝ مستقرا˝ من اللثة المتقرنة، مما يُحسن صحة اللثة على المدى الطويل ويُعطي نتائج جمالية مرضية.
530 _aIssues also as CD.
546 _aText in English and abstract in Arabic & English.
650 0 _aPeriodontology
650 0 _aطب اللثة
653 1 _afree gingival graft
_aFrenotomy
_afrenum
_amucosal scar index
_arelapse
700 0 _aManal Hosny
_ethesis advisor.
700 0 _aNada Zazou
_ethesis advisor.
900 _b01-01-2025
_cManal Hosny
_cNada Zazou
_dWeam Elbattawy
_dHakem Hussein El-Sayed
_UCairo University
_FFaculty of Dentistry
_DDepartment of Periodontology
905 _aShimaa
942 _2ddc
_cTH
_e21
_n0
999 _c179620